[Event "KEM Mitte 2017"]
[Site "?"]
[Date "2017.01.06"]
[Round "2.2"]
[White "Saathoff, Richard"]
[Black "Dyroff, Roland"]
[Result "1/2-1/2"]
[WhiteElo "2124"]
[BlackElo "1806"]
[PlyCount "49"]
[EventDate "2017.??.??"]
[WhiteTeam "SW Nürnberg Süd"]
[BlackTeam "SW Nürnberg Süd"]

1. e4 b6 2. d4 Bb7 3. Bd3 e6 4. Nf3 c5 5. O-O c4 6. Bxc4 Bxe4 7. Nc3 Bxf3 8.
Qxf3 Nc6 9. Be3 a6 10. Qg3 Nge7 11. Rad1 Nf5 12. Qf3 b5 13. Bd5 Nh4 14. Qe2 Be7
15. Bxc6 dxc6 16. Qg4 O-O 17. Ne2 Qd5 18. Nc3 Qc4 19. Rd3 b4 20. b3 Qxd3 21.
cxd3 bxc3 22. Rc1 f5 23. Qf4 Ng6 24. Qf3 f4 25. Qxc6 1/2-1/2

[Event "KEM Mitte 2017"]
[Site "?"]
[Date "2017.01.06"]
[Round "2.3"]
[White "Llugiq, Bajram"]
[Black "Erlbeck, Peter"]
[Result "0-1"]
[WhiteElo "1827"]
[BlackElo "2061"]
[PlyCount "66"]
[EventDate "2017.??.??"]
[WhiteTeam "SW Nürnberg Süd"]
[BlackTeam "SW Nürnberg Süd"]

1. d4 f5 2. Nf3 Nf6 3. c4 g6 4. Nc3 Bg7 5. Bg5 Ne4 6. Bf4 d6 7. Qc2 Nc6 8. e3
O-O 9. a3 e5 10. dxe5 dxe5 11. Bg3 Nxc3 12. bxc3 f4 13. Bh4 Qe8 14. Bd3 Bf5 15.
Bxf5 Rxf5 16. e4 Rf8 17. Rd1 h6 18. Rd5 g5 19. Bxg5 hxg5 20. Nxg5 Qg6 21. h4
Rad8 22. f3 Ne7 23. Rd2 Qb6 24. Re2 Rf6 25. c5 Qxc5 26. Qb3+ Kh8 27. h5 Bh6 28.
Ne6 Rxe6 29. Qxe6 Qxc3+ 30. Kf2 Qc5+ 31. Kf1 Rd6 32. Qb3 Nc6 33. Re1 Rd2 0-1

[Event "KEM Mitte 2017"]
[Site "?"]
[Date "2017.01.06"]
[Round "2.4"]
[White "Konsek, Peter"]
[Black "Dippel, Jörg"]
[Result "1-0"]
[WhiteElo "2083"]
[BlackElo "1805"]
[PlyCount "65"]
[EventDate "2017.??.??"]
[WhiteTeam "SW Nürnberg Süd"]
[BlackTeam "SC Anderssen"]

1. e4 e6 2. d4 d5 3. Nc3 dxe4 4. Nxe4 Bd7 5. Nf3 Bc6 6. Bd3 Nd7 7. c3 Ngf6 8.
Nxf6+ Nxf6 9. Bf4 Bxf3 10. Qxf3 c6 11. O-O Bd6 12. Be5 Be7 13. Rad1 O-O 14. Bb1
g6 15. Rd3 Nd7 16. Bf4 Bf6 17. Qe2 Re8 18. Rfd1 Nf8 19. Bg3 Qe7 20. Rf3 Rad8
21. Re1 Bg7 22. Qc4 Rd7 23. Bc2 c5 24. Ba4 cxd4 25. Bxd7 Qxd7 26. cxd4 f5 27.
Qc2 Qxd4 28. Rd3 Qb4 29. Qd2 Qb5 30. Rb3 Qc6 31. Rc1 Qe4 32. f3 Bd4+ 33. Bf2
1-0

[Event "KEM Mitte 2017"]
[Site "?"]
[Date "2017.01.06"]
[Round "2.5"]
[White "Berntgen, Henri"]
[Black "Mantel, Ruben"]
[Result "1/2-1/2"]
[WhiteElo "1537"]
[BlackElo "1949"]
[PlyCount "67"]
[EventDate "2017.??.??"]
[WhiteTeam "SW Nürnberg Süd"]
[BlackTeam "Zabo-Eintracht Nürnberg"]

1. b4 e5 2. Bb2 d6 3. e3 g6 4. d4 Nd7 5. dxe5 dxe5 6. a3 Bg7 7. Nf3 Qe7 8. c4
Ngf6 9. c5 O-O 10. Nc3 e4 11. Nd4 c6 12. Qc2 Re8 13. h3 h5 14. Nb1 Nd5 15. Nd2
f5 16. Nc4 Ne5 17. O-O-O Rd8 18. Be2 Nxc4 19. Bxc4 a5 20. Qa4 Be6 21. Nxe6
Bxb2+ 22. Kxb2 Qxe6 23. Qb3 axb4 24. axb4 Qe5+ 25. Kc2 Kh7 26. Bxd5 cxd5 27.
Rd4 f4 28. Rhd1 fxe3 29. fxe3 Qg3 30. R1d2 Qe1 31. Rd1 Qf2+ 32. R1d2 Qf1 33.
Rd1 Qf2+ 34. R1d2 1/2-1/2

[Event "KEM Mitte 2017"]
[Site "?"]
[Date "2017.01.06"]
[Round "2.6"]
[White "Petrashov, Alexander"]
[Black "Diebel, Günter"]
[Result "1-0"]
[WhiteElo "1888"]
[BlackElo "1874"]
[PlyCount "43"]
[EventDate "2017.??.??"]
[WhiteTeam "SC Noris-Tarrasch Nürnberg"]
[BlackTeam "SW Nürnberg Süd"]

1. d4 d5 2. c4 Nc6 3. Nf3 Bg4 4. e3 e5 5. Be2 dxc4 6. O-O Bd6 7. h3 Bh5 8. Nc3
Nf6 9. d5 Ne7 10. e4 a6 11. Bxc4 Qd7 12. Be2 h6 13. Nxe5 Bxe5 14. Bxh5 Bxc3 15.
bxc3 Nxe4 16. Re1 Nxc3 17. Qf3 Ncxd5 18. Qxf7+ Kd8 19. Bg4 Qe8 20. Qe6 h5 21.
Bg5 c6 22. Qd6+ 1-0

[Event "KEM Mitte 2017"]
[Site "?"]
[Date "2017.01.06"]
[Round "2.7"]
[White "Babichev, Vyacheslav"]
[Black "Leis, Stefan"]
[Result "1/2-1/2"]
[WhiteElo "1863"]
[BlackElo "1967"]
[PlyCount "120"]
[EventDate "2017.??.??"]
[WhiteTeam "SW Nürnberg Süd"]
[BlackTeam "SC Mühlhof-Reichelsdorf"]

1. c4 e5 2. Nc3 Nf6 3. e4 Bc5 4. Bd3 Nc6 5. Nf3 d6 6. h3 a5 7. a3 O-O 8. O-O
Ne7 9. Bc2 Ng6 10. d4 Bb6 11. dxe5 dxe5 12. Qxd8 Rxd8 13. Bg5 c6 14. Na4 Bc7
15. Bxf6 gxf6 16. Rad1 Be6 17. b3 b6 18. Rxd8+ Rxd8 19. Rd1 Nf4 20. Rxd8+ Bxd8
21. Kf1 Kf8 22. Nc3 Ke8 23. Nd2 Kd7 24. f3 Be7 25. Ndb1 h5 26. Ne2 Ng6 27. Ng3
h4 28. Nf5 Bf8 29. Kf2 Bc5+ 30. Kf1 a4 31. Ng7 axb3 32. Bxb3 Nf4 33. Nxe6 fxe6
34. Bc2 Bd4 35. a4 Kd6 36. Nd2 Kc5 37. Nb3+ Kb4 38. Bd1 c5 39. Bc2 Be3 40. Bd1
Kxc4 41. a5 bxa5 42. Nxa5+ Kd3 43. Bb3 Kc3 44. Ba2 Bd4 45. Nc6 Kd2 46. Na5 Bc3
47. Nb3+ Ke3 48. Nxc5 Nh5 49. Nxe6 Ng3+ 50. Kg1 Be1 51. Bc4 Bf2+ 52. Kh2 Nh5
53. Nf8 Kf4 54. Ng6+ Kg5 55. Ne7 Ng3 56. Nd5 Bc5 57. Bb5 Nh5 58. Nc7 Ng7 59.
Bd7 Bf2 60. Ne6+ Nxe6 1/2-1/2

[Event "KEM Mitte 2017"]
[Site "?"]
[Date "2017.01.06"]
[Round "2.8"]
[White "Corral, Carlos"]
[Black "Leuschner, Günter"]
[Result "1-0"]
[WhiteElo "2015"]
[BlackElo "1923"]
[PlyCount "115"]
[EventDate "2017.??.??"]
[WhiteTeam "SC Noris-Tarrasch Nürnberg"]
[BlackTeam "SW Nürnberg Süd"]

1. e4 d6 2. d4 Nf6 3. Nc3 g6 4. f4 Bg7 5. Nf3 b6 6. Bd3 O-O 7. O-O Ba6 8. Bxa6
Nxa6 9. Qe1 e6 10. Qh4 Nd7 11. Qh3 c5 12. dxc5 dxc5 13. f5 Qe7 14. Bh6 Rfe8 15.
Rae1 Qf8 16. fxe6 Rxe6 17. Bxg7 Qxg7 18. Ng5 Re7 19. Nd5 Rae8 20. Nxe7+ Rxe7
21. c3 Nc7 22. Rd1 Nf8 23. Rd8 h6 24. Nf3 Rxe4 25. Qc8 Nce6 26. Re8 Rf4 27. Rd1
Qf6 28. Rd7 Rxf3 29. gxf3 Qxf3 30. Rd2 Qe3+ 31. Rf2 Qc1+ 32. Kg2 Qg5+ 33. Kf3
Qf5+ 34. Ke2 Qc2+ 35. Ke3 Qc1+ 36. Kd3 Qb1+ 37. Ke3 Qc1+ 38. Rd2 Qg1+ 39. Kd3
Qb1+ 40. Ke3 Qg1+ 41. Kd3 Qb1+ 42. Kc4 Qxa2+ 43. Kb5 Qa5+ 44. Kc6 b5 45. Rd7
Qb6+ 46. Kd5 Qa5 47. Rxf8+ Nxf8 48. Rd8 Qa2+ 49. Kxc5 Qc4+ 50. Kd6 Qf4+ 51. Kc6
Qc4+ 52. Kb7 Qe4+ 53. Kxa7 Qe7+ 54. Kb6 b4 55. Rxf8+ Qxf8 56. Qxf8+ Kxf8 57. c4
f5 58. c5 1-0

[Event "KEM Mitte 2017"]
[Site "?"]
[Date "2017.01.06"]
[Round "2.9"]
[White "Pörzgen, Michael"]
[Black "Bolten, Daniel"]
[Result "1/2-1/2"]
[WhiteElo "1658"]
[BlackElo "2075"]
[PlyCount "82"]
[EventDate "2017.??.??"]
[WhiteTeam "SW Nürnberg Süd"]
[BlackTeam "SW Nürnberg Süd"]

1. e4 c5 2. Nc3 Nc6 3. Bb5 g6 4. f4 Bg7 5. Nf3 d6 6. Bxc6+ bxc6 7. O-O Nf6 8.
d3 Rb8 9. Qe1 Ng4 10. b3 O-O 11. Rb1 Ba6 12. f5 c4 13. dxc4 Bxc4 14. Ne2 Qb6+
15. Kh1 Qa6 16. Nfg1 Nf6 17. Bb2 Bxe2 18. Nxe2 Nxe4 19. Bxg7 Kxg7 20. Nd4 d5
21. c4 Rbc8 22. Qe2 Qb6 23. Qb2 Kg8 24. Rbe1 Qc5 25. Nf3 Qd6 26. Ne5 Nf6 27.
Rd1 Rcd8 28. fxg6 hxg6 29. cxd5 cxd5 30. Qd4 Qb6 31. Qxb6 axb6 32. Nc6 Rd7 33.
Nxe7+ Rxe7 34. Rxf6 Re6 35. Rf4 Ra8 36. a4 Re3 37. Rb4 Rd8 38. h3 Re6 39. Kg1
f5 40. Rbd4 Red6 41. b4 Kf7 1/2-1/2

[Event "KEM Mitte 2017"]
[Site "?"]
[Date "2017.01.06"]
[Round "2.10"]
[White "Adelhütte, Dennis"]
[Black "Mantel, Hubert"]
[Result "1-0"]
[WhiteElo "1962"]
[BlackElo "1761"]
[PlyCount "43"]
[EventDate "2017.??.??"]
[WhiteTeam "SC JÄKLECHEMIE"]
[BlackTeam "Zabo-Eintracht Nürnberg"]

1. d4 e6 2. c4 d5 3. Nc3 f5 4. Nf3 Nf6 5. g3 c6 6. Bg2 Be7 7. O-O O-O 8. b3 Ne4
9. Nxe4 fxe4 10. Ne5 Nd7 11. Bf4 g5 12. Nxd7 Bxd7 13. Be5 Be8 14. Bh3 Bf7 15.
f3 Bd6 16. Bxd6 Qxd6 17. fxe4 dxe4 18. Qd2 Qe7 19. Qe3 Bg6 20. Bg2 e5 21. Bxe4
exd4 22. Bd5+ 1-0

[Event "KEM Mitte 2017"]
[Site "?"]
[Date "2017.01.06"]
[Round "2.11"]
[White "Hahn, Thomas"]
[Black "Bachhuber, Dominik"]
[Result "0-1"]
[WhiteElo "1647"]
[BlackElo "1909"]
[PlyCount "66"]
[EventDate "2017.??.??"]
[WhiteTeam "Zabo-Eintracht Nürnberg"]
[BlackTeam "SC JÄKLECHEMIE"]

1. e4 c5 2. Nf3 d6 3. d4 cxd4 4. Nxd4 Nf6 5. Nc3 a6 6. Be2 Nbd7 7. Be3 b5 8. f3
Bb7 9. a4 b4 10. Na2 d5 11. e5 Nxe5 12. Nxb4 e6 13. Nd3 Nc4 14. Bf2 Bd6 15. O-O
Qc7 16. h3 Nh5 17. f4 Nxf4 18. Nxf4 Bxf4 19. b3 Nd2 20. Re1 Ne4 21. Bh4 Be3+
22. Kh1 Qf4 23. Bg4 Bxd4 24. Rf1 Qe5 25. Qf3 O-O 26. Rae1 Rac8 27. Qd1 g5 28.
Rxe4 dxe4 29. Bxg5 Qxg5 30. Qxd4 Rxc2 31. Qd7 Rc1 32. Rxc1 Qxc1+ 33. Kh2 Qf4+
0-1

[Event "KEM Mitte 2017"]
[Site "?"]
[Date "2017.01.06"]
[Round "2.13"]
[White "Meyer, Robert"]
[Black "Neumann, Robert"]
[Result "0-1"]
[WhiteElo "1731"]
[BlackElo "1912"]
[PlyCount "90"]
[EventDate "2017.??.??"]
[WhiteTeam "SC Stein"]
[BlackTeam "SC Noris-Tarrasch Nürnberg"]

1. d4 Nf6 2. Nf3 g6 3. g3 Bg7 4. Bg2 O-O 5. O-O d6 6. Nbd2 Nbd7 7. Re1 c5 8. c3
Qc7 9. Nf1 Rb8 10. b3 b5 11. Bd2 Bb7 12. Qc1 Rfc8 13. Bh6 Bh8 14. Bg5 Qd8 15.
Bxf6 Nxf6 16. Qh6 Bg7 17. Qe3 Nd5 18. Qd2 Nf6 19. Rac1 Ne4 20. Qd3 Qb6 21. e3
b4 22. c4 Nc3 23. a4 Bxf3 24. Bxf3 cxd4 25. exd4 Bxd4 26. Rxe7 Bxf2+ 27. Kg2
Re8 28. Rxe8+ Rxe8 29. Rc2 Bc5 30. Nd2 Re3 31. Qf1 Qd8 32. Bd5 Re2+ 33. Kh3
Qd7+ 34. g4 Re3+ 35. Bf3 h5 36. Kh4 Qe7+ 37. g5 Qe5 38. Qg2 Qf4+ 39. Kh3 Ne2
40. Rb2 Nd4 41. Qg3 Qf5+ 42. Kg2 Ne6 43. h4 Nf4+ 44. Kh2 Re1 45. Qxe1 Qh3# 0-1

[Event "KEM Mitte 2017"]
[Site "?"]
[Date "2017.01.06"]
[Round "2.15"]
[White "Müller, Ludwig"]
[Black "Rummel, Gerald"]
[Result "1/2-1/2"]
[WhiteElo "1781"]
[BlackElo "1772"]
[PlyCount "109"]
[EventDate "2017.??.??"]
[WhiteTeam "SGem Nürnberg"]
[BlackTeam "SC Anderssen"]

1. Nf3 d5 2. e3 Nf6 3. b3 g6 4. Bb2 Bg7 5. c4 c6 6. Be2 O-O 7. O-O Nbd7 8. d4
a6 9. Nbd2 b5 10. cxd5 cxd5 11. Rc1 Bb7 12. h3 Qb6 13. Bd3 Rfc8 14. Rxc8+ Rxc8
15. Qb1 Ne4 16. Nxe4 dxe4 17. Bxe4 Nf6 18. Bxb7 Qxb7 19. Rc1 Rxc1+ 20. Qxc1 Ne4
21. Nd2 Nd6 22. Qc5 Kf8 23. Bc3 Ke8 24. Ba5 Kd7 25. Qb6 Qc8 26. Qa7+ Ke6 27.
Qc7 Qa8 28. Bb4 Bf8 29. Bxd6 exd6 30. f3 Be7 31. Kf2 Bd8 32. Qc3 Bb6 33. Ne4 h6
34. g4 Bd8 35. b4 Qb7 36. Qb3+ Ke7 37. Nc3 Kf8 38. e4 Bf6 39. Ne2 Qb6 40. Qc3
Kg7 41. Ke3 Qb7 42. f4 g5 43. f5 Kh7 44. Qc2 Bd8 45. d5 Qa7+ 46. Kf3 Bf6 47.
Qc6 Be5 48. Qc2 a5 49. bxa5 Qxa5 50. Kf2 Qa3 51. Qb3 Qc5+ 52. Kf3 b4 53. Qd3
Qa5 54. Qb3 Qc5 55. Qd3 1/2-1/2

[Event "KEM Mitte 2017"]
[Site "?"]
[Date "2017.01.06"]
[Round "2.16"]
[White "Possart, Dennis"]
[Black "Nüßlein, Christian"]
[Result "0-1"]
[WhiteElo "1252"]
[BlackElo "1929"]
[PlyCount "70"]
[EventDate "2017.??.??"]
[WhiteTeam "SC Noris-Tarrasch Nürnberg"]
[BlackTeam "SGem Nürnberg"]

1. e4 Nf6 2. Nc3 d5 3. exd5 Nxd5 4. Bc4 e6 5. Qf3 c6 6. a3 Nd7 7. d4 Qf6 8.
Bxd5 exd5 9. Qxf6 Nxf6 10. Bf4 Nh5 11. Bc7 Be7 12. O-O-O O-O 13. Nce2 Be6 14.
h3 Rac8 15. Bh2 Rfd8 16. f4 Nf6 17. Nf3 Ne4 18. Rhf1 c5 19. g4 g6 20. Nd2 cxd4
21. Nxd4 Bd7 22. f5 Bg5 23. Bf4 Bxf4 24. Rxf4 g5 25. f6 gxf4 26. Nxe4 dxe4 27.
Ne2 f3 28. Nf4 Bc6 29. Rf1 Ba4 30. c3 Bb5 31. Rf2 Ba4 32. Rf1 e3 33. Ne6 fxe6
34. f7+ Kf8 35. b4 e2 0-1

[Event "KEM Mitte 2017"]
[Site "?"]
[Date "2017.01.06"]
[Round "2.17"]
[White "Paul, Arthur"]
[Black "Barnowski, Roman"]
[Result "1-0"]
[WhiteElo "1380"]
[BlackElo "1424"]
[PlyCount "111"]
[EventDate "2017.??.??"]
[WhiteTeam "SW Nürnberg Süd"]
[BlackTeam "SW Nürnberg Süd"]

1. e4 d5 2. exd5 Nf6 3. Nf3 Nxd5 4. Bc4 Bg4 5. d3 e6 6. Bg5 Qxg5 7. Nxg5 Bxd1
8. Kxd1 Be7 9. Ne4 O-O 10. Nbc3 c6 11. Ne2 Nd7 12. Kd2 Ne5 13. Bb3 Rad8 14.
Rad1 b5 15. Kc1 a5 16. d4 Ng4 17. h3 Ngf6 18. Nxf6+ Nxf6 19. c3 c5 20. Bc2 c4
21. Rhe1 Nd5 22. g3 b4 23. Be4 bxc3 24. Nxc3 Nxc3 25. bxc3 Ba3+ 26. Kc2 Rb8 27.
Rb1 Rfd8 28. Bc6 Bd6 29. Bb5 Rbc8 30. Ba6 Rc6 31. Bb7 Rc7 32. a4 Rb8 33. Bg2
Re7 34. Rxb8+ Bxb8 35. Rb1 Bc7 36. Rb5 e5 37. dxe5 Rxe5 38. Rxe5 Bxe5 39. Bd5
g6 40. Bxc4 Kg7 41. Bd5 Kf6 42. c4 Ke7 43. Kd3 f6 44. g4 Kd6 45. f3 g5 46. Bb7
Kc5 47. Ba6 Kb4 48. Bb5 Kc5 49. Ke4 Bf4 50. h4 Bg3 51. h5 Bf4 52. Kf5 Be5 53.
Ke6 Kd4 54. Kf7 Ke3 55. Bc6 Kd4 56. Kg7 1-0

[Event "KEM Mitte 2017"]
[Site "?"]
[Date "2017.01.06"]
[Round "2.18"]
[White "Walch, Roger"]
[Black "Hofmann, Tim"]
[Result "1-0"]
[WhiteElo "1701"]
[BlackElo "1311"]
[PlyCount "75"]
[EventDate "2017.??.??"]
[WhiteTeam "SW Nürnberg Süd"]
[BlackTeam "SW Nürnberg Süd"]

1. e4 b6 2. d4 Bb7 3. Bd3 e6 4. Nf3 Be7 5. O-O d6 6. c4 Nd7 7. Nc3 Ngf6 8. Re1
O-O 9. e5 dxe5 10. dxe5 Ng4 11. Bf4 Nc5 12. Bc2 f6 13. Qe2 fxe5 14. Rad1 Qe8
15. Bxe5 Bxf3 16. gxf3 Nxe5 17. Qxe5 Bd6 18. Rxd6 cxd6 19. Qg3 Qh5 20. f4 Rf6
21. b4 Nd7 22. Ne4 Rff8 23. Ng5 Nf6 24. Nxe6 Rf7 25. Ng5 Rc7 26. f5 Rxc4 27.
Bb3 d5 28. Bxc4 dxc4 29. f3 Rd8 30. Ne6 Rd7 31. Qf4 Rd3 32. Qxc4 Rd5 33. Nf4
Qg5+ 34. Kh1 b5 35. Qc8+ Kf7 36. Qe6+ Kf8 37. Qe7+ Kg8 38. Nxd5 1-0

[Event "KEM Mitte 2017"]
[Site "?"]
[Date "2017.01.06"]
[Round "2.19"]
[White "Duong, Ba Duc"]
[Black "Albayrak, Aylin"]
[Result "0-1"]
[WhiteElo "1328"]
[BlackElo "1668"]
[PlyCount "60"]
[EventDate "2017.??.??"]
[WhiteTeam "SK Nürnberg"]
[BlackTeam "Zabo-Eintracht Nürnberg"]

1. e4 e6 2. d4 d5 3. Nc3 c5 4. Nf3 Nc6 5. Bb5 Qb6 6. Be3 a6 7. Bxc6+ bxc6 8. b3
cxd4 9. Nxd4 c5 10. Na4 Qd6 11. Ne2 d4 12. Bc1 Nf6 13. Ng3 Bb7 14. Qe2 Qe5 15.
Bb2 h5 16. Nb6 Rd8 17. Nc4 Qc7 18. O-O h4 19. Nh1 Bxe4 20. f3 Bg6 21. Nf2 Bd6
22. Rfe1 Bxh2+ 23. Kf1 Bg3 24. Ne5 Bxf2 25. Kxf2 Bf5 26. Qxa6 Bxc2 27. Rac1 d3
28. Nc6 Qg3+ 29. Kg1 h3 30. Rxc2 h2+ 0-1

[Event "KEM Mitte 2017"]
[Site "?"]
[Date "2017.01.06"]
[Round "2.20"]
[White "Weißmann, Peter"]
[Black "Hamazaspyan, Seryozka"]
[Result "1-0"]
[WhiteElo "1737"]
[BlackElo "1237"]
[PlyCount "105"]
[EventDate "2017.??.??"]
[WhiteTeam "SK Zirndorf"]
[BlackTeam "SC Noris-Tarrasch Nürnberg"]

1. e4 Nc6 2. d4 e6 3. f4 d5 4. e5 f6 5. Nf3 b6 6. Bb5 Bb7 7. c3 Nh6 8. Be3 Ng4
9. Bd2 f5 10. h3 Nh6 11. Ng5 Qd7 12. a4 a6 13. Bd3 g6 14. b4 Na7 15. Qe2 b5 16.
axb5 axb5 17. O-O c6 18. Be3 Nf7 19. Nd2 Nxg5 20. fxg5 h6 21. Ra5 Nc8 22. Rfa1
Rxa5 23. Rxa5 hxg5 24. Bxg5 Bh6 25. Bxh6 Rxh6 26. Nb3 g5 27. Nc5 Qh7 28. Qf3
Qg7 29. Be2 Kd8 30. g4 f4 31. Bd3 Kc7 32. Ra1 Ne7 33. Qg2 Nc8 34. Qa2 Kd8 35.
Qa5+ Qc7 36. Nxb7+ Kd7 37. Nc5+ Kd8 38. Qxc7+ Kxc7 39. Kh2 Kd8 40. Ra8 Kc7 41.
Ra6 Ne7 42. Ra7+ Kd8 43. Rd7+ Ke8 44. Rd6 Kf7 45. Rd7 Ke8 46. Rb7 Ng6 47. Bxg6+
Rxg6 48. Rc7 Rh6 49. Rxc6 Kf7 50. Rc7+ Kg6 51. Nxe6 Rh7 52. Nf8+ Kh6 53. Rxh7#
1-0

[Event "KEM Mitte 2017"]
[Site "?"]
[Date "2017.01.06"]
[Round "2.21"]
[White "Majid, Hakim"]
[Black "Berg, Winfried"]
[Result "1-0"]
[WhiteElo "1228"]
[BlackElo "1595"]
[PlyCount "69"]
[EventDate "2017.??.??"]
[WhiteTeam "SW Nürnberg Süd"]
[BlackTeam "SW Nürnberg Süd"]

1. e4 d5 2. Nc3 d4 3. Nce2 c5 4. d3 Nc6 5. Nf3 Bg4 6. Nf4 e6 7. Be2 Bd6 8. h3
Bxf3 9. Bxf3 Qc7 10. Ne2 Ne5 11. Ng1 Ne7 12. Be2 N5g6 13. Nf3 Nf4 14. O-O O-O
15. Qd2 Rac8 16. Bd1 b5 17. e5 Nxh3+ 18. gxh3 Bxe5 19. Nxe5 Qxe5 20. Qg5 Qc7
21. Bf4 Qd7 22. Bg4 Ng6 23. Bh2 f6 24. Qd2 f5 25. Bf3 f4 26. Rae1 e5 27. Bg4
Rf5 28. Kh1 Nh4 29. Qe2 Qd5+ 30. f3 Rcf8 31. Bxf5 Nxf5 32. Qxe5 Qb7 33. Bxf4
Ne3 34. Bxe3 dxe3 35. Rxe3 1-0

[Event "KEM Mitte 2017"]
[Site "?"]
[Date "2017.01.06"]
[Round "2.22"]
[White "Münzenberg, Dietrich"]
[Black "Hauck, Martin"]
[Result "1-0"]
[WhiteElo "1688"]
[BlackElo "1488"]
[PlyCount "67"]
[EventDate "2017.??.??"]
[WhiteTeam "Zabo-Eintracht Nürnberg"]
[BlackTeam "SC Noris-Tarrasch Nürnberg"]

1. d4 d5 2. Bg5 Nc6 3. e3 h6 4. Bh4 Nf6 5. Bxf6 gxf6 6. g3 e5 7. c3 a6 8. Nd2
Be6 9. Qb3 Qb8 10. Bg2 e4 11. Ne2 Bd6 12. O-O Qa7 13. f4 Na5 14. Qa4+ Nc6 15.
f5 Bd7 16. Qb3 Na5 17. Qc2 O-O-O 18. b4 Nc4 19. Nxc4 dxc4 20. Qxe4 Rde8 21. Qf3
Bc6 22. d5 Bd7 23. Nd4 Re5 24. Rfe1 Rhe8 25. Kf1 a5 26. a3 a4 27. e4 Kb8 28.
Qe2 c5 29. dxc6 Bxf5 30. Qxc4 Bxe4 31. Nb5 Bxg2+ 32. Kxg2 Rxe1 33. Rxe1 Qb6 34.
Rxe8+ 1-0

[Event "KEM Mitte 2017"]
[Site "?"]
[Date "2017.01.06"]
[Round "2.23"]
[White "Huber, Dominik"]
[Black "Weidenhöfer, Robert"]
[Result "1-0"]
[WhiteElo "1156"]
[BlackElo "1695"]
[PlyCount "83"]
[EventDate "2017.??.??"]
[WhiteTeam "SC Noris-Tarrasch Nürnberg"]
[BlackTeam "SW Nürnberg Süd"]

1. e4 b6 2. g3 Bb7 3. Bg2 Nf6 4. Nc3 e6 5. d3 Bb4 6. Bd2 O-O 7. Nf3 d5 8. exd5
Nxd5 9. Ne4 Bxd2+ 10. Qxd2 c5 11. O-O Ne7 12. Nfg5 Qd7 13. Qe2 f6 14. Nxc5 bxc5
15. Bxb7 Qxb7 16. Qxe6+ Kh8 17. Nf7+ Rxf7 18. Qxf7 Nbc6 19. Rfe1 Qd7 20. Qe6
Qxe6 21. Rxe6 Re8 22. Rae1 Ne5 23. Kg2 Kg8 24. f4 N5g6 25. c3 Kf7 26. f5 Ne5
27. d4 Nd3 28. R1e3 Nxb2 29. d5 Nc4 30. R3e4 Ne5 31. Ra4 Nxf5 32. Rxa7+ Re7 33.
Rexe7+ Nxe7 34. d6 N5c6 35. Rc7 Ke6 36. dxe7 Nxe7 37. Rxc5 g5 38. a4 Kd6 39.
Rb5 Nc6 40. a5 Kc7 41. a6 Kc8 42. Rc5 1-0

[Event "KEM Mitte 2017"]
[Site "?"]
[Date "2017.01.06"]
[Round "2.24"]
[White "Berntgen, Michael"]
[Black "Albayrak, Nese Pinar"]
[Result "1/2-1/2"]
[WhiteElo "1637"]
[BlackElo "1095"]
[PlyCount "59"]
[EventDate "2017.??.??"]
[WhiteTeam "SW Nürnberg Süd"]
[BlackTeam "Zabo-Eintracht Nürnberg"]

1. e4 e5 2. Nf3 Nc6 3. d4 exd4 4. Nxd4 Bc5 5. Be3 Nf6 6. Nxc6 bxc6 7. Bxc5 Nxe4
8. Be3 O-O 9. Bd3 Nf6 10. O-O h6 11. Nd2 d5 12. Nf3 Bg4 13. Be2 Re8 14. Re1 Ne4
15. Nd4 Bd7 16. Nf3 Qf6 17. Qd4 Qg6 18. Nd2 Bh3 19. Bf1 c5 20. Qxd5 Rad8 21.
Qc4 Nxd2 22. Bxd2 Be6 23. Qc3 Rd4 24. Re3 Red8 25. Rd1 Bf5 26. Rg3 Qd6 27. Bd3
Bg6 28. Re3 c4 29. Bxg6 fxg6 30. Re2 1/2-1/2

[Event "KEM Mitte 2017"]
[Site "?"]
[Date "2017.01.06"]
[Round "2.25"]
[White "Sargsyan, Arusyak"]
[Black "Denninger, David"]
[Result "0-1"]
[WhiteElo "930"]
[BlackElo "1530"]
[PlyCount "42"]
[EventDate "2017.??.??"]
[WhiteTeam "SW Nürnberg Süd"]
[BlackTeam "TSV Cadolzburg"]

1. e4 e5 2. Nf3 Nc6 3. Bc4 Nf6 4. Nc3 d6 5. d3 Be7 6. Bg5 Bg4 7. h3 Bxf3 8.
Qxf3 Nd4 9. Qd1 c6 10. Be3 d5 11. exd5 cxd5 12. Bb5+ Nxb5 13. Nxb5 Qa5+ 14. Qd2
Qxb5 15. O-O-O O-O 16. d4 Ne4 17. Qd3 Qa5 18. a3 Rac8 19. f3 Nc3 20. Rd2 Bxa3
21. bxa3 Qxa3# 0-1

[Event "KEM Mitte 2017"]
[Site "?"]
[Date "2017.01.06"]
[Round "2.26"]
[White "Thoma, Dirk"]
[Black "Hummady, Pascha"]
[Result "1-0"]
[WhiteElo "1642"]
[BlackElo "786"]
[PlyCount "83"]
[EventDate "2017.??.??"]
[WhiteTeam "SC Noris-Tarrasch Nürnberg"]
[BlackTeam "SC Noris-Tarrasch Nürnberg"]

1. d4 Nf6 2. Nf3 g6 3. c4 Bg7 4. e3 O-O 5. Bd3 Nc6 6. a3 Re8 7. d5 Nb8 8. O-O
e5 9. e4 d6 10. b4 b6 11. Nc3 Nbd7 12. Rb1 Rb8 13. Qa4 Rb7 14. h3 h6 15. Be3 g5
16. Nh2 Re7 17. Ne2 Nh5 18. Ng3 Nxg3 19. fxg3 f6 20. Qd1 Nf8 21. Be2 Qe8 22.
Bh5 Ng6 23. Qc2 Bd7 24. b5 a5 25. bxa6 Ra7 26. Ng4 Qf8 27. Bxg6 Bxg4 28. hxg4
Rxa6 29. Qb3 Qa8 30. Ra1 c5 31. Rfb1 Rb7 32. Bc1 Rba7 33. Qb5 Kf8 34. Bf5 Rb7
35. Bd7 Raa7 36. Bc6 Ra5 37. Qb3 Raa7 38. Bxb7 Rxb7 39. a4 Ra7 40. Qxb6 Rd7 41.
a5 Kf7 42. Qc6 1-0

[Event "KEM Mitte 2017"]
[Site "?"]
[Date "2017.01.06"]
[Round "2.27"]
[White "Albayrak, Melissa"]
[Black "Lingl, Peter"]
[Result "0-1"]
[WhiteElo "765"]
[BlackElo "1661"]
[PlyCount "76"]
[EventDate "2017.??.??"]
[WhiteTeam "Zabo-Eintracht Nürnberg"]
[BlackTeam "SC JÄKLECHEMIE"]

1. e4 e5 2. Nf3 Nc6 3. Bc4 Bc5 4. b4 Bxb4 5. O-O d6 6. Bb5 Nf6 7. c3 Ba5 8.
Bxc6+ bxc6 9. Qa4 Bb6 10. Qxc6+ Bd7 11. Qc4 O-O 12. Ng5 h6 13. Nf3 Be6 14. Qd3
Nh5 15. h3 Nf4 16. Qb5 Rb8 17. Qa4 f5 18. d4 fxe4 19. Bxf4 Rxf4 20. Nfd2 Qg5
21. Nc4 Bxh3 22. Ne3 Bxg2 23. Nxg2 Rg4 24. Qc4+ Kh8 25. Rd1 Rxg2+ 26. Kf1 Rf8
27. Rd2 e3 28. Ke2 exd2 29. Nxd2 Rgxf2+ 30. Kd3 Rxd2+ 31. Ke4 Qg2+ 32. Ke3 Rf3+
33. Ke4 Rfd3+ 34. Kf5 Qh3+ 35. Kg6 Rg3+ 36. Kf7 Qd7+ 37. Kf8 Rf2+ 38. Qf7 Qxf7#
0-1

[Event "KEM Mitte 2017"]
[Site "?"]
[Date "2017.01.06"]
[Round "2.28"]
[White "Nerreter, Bernd"]
[Black "Dietrich, Thomas"]
[Result "0-1"]
[WhiteElo "1447"]
[BlackElo "1610"]
[PlyCount "38"]
[EventDate "2017.??.??"]
[WhiteTeam "SC Noris-Tarrasch Nürnberg"]
[BlackTeam "SC Anderssen"]

1. e4 c5 2. Nf3 g6 3. d4 cxd4 4. Qxd4 Nf6 5. e5 Nc6 6. Qc3 Nd5 7. Qc4 e6 8. Nc3
Nxc3 9. bxc3 Bg7 10. Bg5 Nxe5 11. Nxe5 Qxg5 12. Nf3 Qa5 13. Nd4 O-O 14. Rb1 d5
15. Rb5 Qa3 16. Qb3 Qc1+ 17. Ke2 e5 18. Nf3 e4 19. Nd4 Bh6 0-1

[Event "KEM Mitte 2017"]
[Site "?"]
[Date "2017.01.07"]
[Round "3.1"]
[White "Erlbeck, Peter"]
[Black "Adelhütte, Dennis"]
[Result "1/2-1/2"]
[WhiteElo "2061"]
[BlackElo "1962"]
[PlyCount "103"]
[EventDate "2017.??.??"]
[WhiteTeam "SW Nürnberg Süd"]
[BlackTeam "SC JäKLECHEMIE"]

1. e4 e6 2. d4 d5 3. e5 c5 4. c3 Nc6 5. Nf3 Qb6 6. a3 Nh6 7. b4 cxd4 8. cxd4
Nf5 9. Bb2 Be7 10. Bd3 a5 11. g4 Nh4 12. Nxh4 Bxh4 13. O-O axb4 14. axb4 Rxa1
15. Bxa1 Qxb4 16. Bc3 Qb6 17. Qd2 Be7 18. Rd1 Bd7 19. Bf1 O-O 20. Qe3 Rc8 21.
Nd2 f6 22. Rb1 Qc7 23. exf6 Bxf6 24. g5 Be7 25. Nf3 Bd6 26. Bd2 Rf8 27. Qb3 Bc8
28. Bg2 Qf7 29. Qd3 Qh5 30. h3 Qf7 31. Rf1 Kh8 32. Qb3 Bf4 33. Qc3 Bd6 34. Qb3
Ne7 35. Ne5 Bxe5 36. dxe5 Nc6 37. f4 Qe7 38. Rc1 Qe8 39. Qe3 Qf7 40. Rf1 Qf5
41. Qc5 Qf7 42. f5 exf5 43. Bxd5 Qe8 44. e6 Qe7 45. Qxe7 Nxe7 46. Bb4 Re8 47.
Bxe7 Rxe7 48. Rxf5 Kg8 49. Rf7 Rxf7 50. exf7+ Kf8 51. h4 Bg4 52. Bxb7 1/2-1/2